Obavy z investičnej brzdy Marián Čalfa na Zemplíne

Bibliographic Details
Main Author: Beer, Gabriel, 1963- (Author)
Format: Article
Language:Slovak
Subjects:

MARC

LEADER 00000nab a2200000 a 4500
001 vtls000397880
003 SK-MaSNL
005 20260311230428.0
008 160115c1990 xo 0 slo
015 |a SNBRB19rr/mm-uuuuu 
035 |a CL0398004 
040 |a SNKBUCL  |b slo  |c SNKBUCL  |e AACR2 
041 0 |a slo 
044 |a xo  |c SK 
080 |a 323(437)  |2 1981 
100 1 |a Beer, Gabriel,  |d 1963-  |4 aut  |9 135493 
245 1 0 |a Obavy z investičnej brzdy  |b Marián Čalfa na Zemplíne  |c Gabriel Beer ; Marián Čalfa 
650 0 7 |a vnútorná politika  |2 snkbucl  |9 970 
651 7 |a Československo  |2 snkbucl  |9 21376 
651 7 |a Východoslovenský kraj (Slovensko)  |2 snkbucl  |9 161537 
655 7 |a články z novín a časopisov  |2 snkbucl  |9 267496 
773 0 |t Národná obroda  |g Roč. 1, č. 152 (8. 11. 1990), s. 1 a 2 
850 |a Slovenská národná knižnica v Martine  |a MTA001 
852 |a SNK  |b KIS3GCP 
958 |a RK 
992 |a RBX 
999 |c 3312949  |d 3314879